Umenie spievať - umenie žiť Hosť Nového slova - zaslúžilá umelkyňa Magdaléna Hajóssyová

Podrobná bibliografia
Hlavní autori: Ursínyová, Terézia, 1942- (Autor), Hajóssyová, Magdaléna, 1946- (Autor)
Médium: Článok
Jazyk:slovenčina
Fyzický popis:Obr. 1.
Predmet:

MARC

LEADER 00000nab a2200000 a 4500
001 vtls000305921
003 SK-MaSNL
005 20260302214732.0
008 160215c1988 xo 0 slo
015 |a SNBRB19rr/mm-uuuuu 
035 |a CL0316040 
040 |a SNKBUCL  |b slo  |c SNKBUCL  |e AACR2 
041 0 |a slo 
044 |a xo  |c SK 
080 |a 78.071.2:792.5  |2 1981 
080 |a 792.5  |2 1981 
080 |a 929 Hajóssyová, Magdaléna  |2 1981 
100 1 |a Ursínyová, Terézia,  |d 1942-  |4 aut  |9 103725 
245 1 0 |a Umenie spievať - umenie žiť  |b Hosť Nového slova - zaslúžilá umelkyňa Magdaléna Hajóssyová  |c Terézia Ursínyová 
300 |b Obr. 1. 
600 1 7 |a Hajóssyová, Magdaléna,  |d 1946-  |2 snkbucl  |9 112745 
655 7 |a rozhovory  |2 snkbucl  |9 31831 
655 7 |a články z novín a časopisov  |2 snkbucl  |9 267496 
700 1 |a Hajóssyová, Magdaléna,  |d 1946-  |4 aut  |9 112745 
773 0 |t Nové slovo  |g Roč. 30, č. 10 (1988), s. 13 
850 |a Slovenská národná knižnica v Martine  |a MTA001 
852 |a SNK  |b KIS3GCP 
958 |a BX 
958 |a RK 
992 |a RBX 
999 |c 1499331  |d 1501261